| 000 | 01536cam a2200325u 4500 | ||
|---|---|---|---|
| 999 |
_c23735 _d23735 |
||
| 001 | 5849637 | ||
| 003 | BDDh-ASL | ||
| 005 | 20231015030300.0 | ||
| 008 | 900508m19691907enk 000 0 eng | ||
| 010 | _a 01001558 | ||
| 040 |
_aDLC _cDLC _dDLC _dBDDh-ASL |
||
| 041 | 1 |
_aeng _hpli |
|
| 050 | 0 | 0 |
_aBL1411.J3 _bE4 |
| 051 | _aMicrofilm 32267 BL | ||
| 082 |
_a922.0943 _bCOJ |
||
| 130 | 0 |
_aTipiṭaka. _pSuttapiṭaka. _pKhuddakanikāya. _pJātaka. _lEnglish. |
|
| 245 | 1 | 4 |
_aThe Jātaka; or, Stories of the Buddha's former births, Vol.-5 / _cTranslated from the Pāli by various hands under the editorship of Professor E.B. Cowell ... |
| 260 |
_aCambridge [Eng.] _aLondon: _bUniversity press, _bPali Text Society, Luzac & Company Ltd., _c1895-1907. _c1969. |
||
| 300 |
_a314 p., 63 index : _c22 cm. |
||
| 500 | _aSupplemented by: "Index volume" (2 p.l., 63, [1] p. 26 cm.) published: Cambridge [Eng.] The University press, 1913. Call number: BL1411.J3E4 Index. | ||
| 583 |
_aReplace; _5DLC |
||
| 650 | 0 |
_93606 _aBuddha |
|
| 700 | 1 |
_aCowell, Edward B. _q(Edward Byles), _d1826-1903, _eed. |
|
| 700 | 1 |
_aChalmers, Robert, _cSir, _d1858- |
|
| 700 | 1 |
_aRouse, W. H. D. _q(William Henry Denham), _d1863-1950. |
|
| 700 | 1 |
_aFrancis, H. T. _q(Henry Thomas), _d1837-1924. |
|
| 700 | 1 |
_aNeil, Robert Alexander, _d1852-1901. |
|
| 906 |
_a0 _bcbc _cpremunv _du _encip _f19 _gy-gencatlg |
||
| 942 |
_2ddc _cBK |
||